| 000 | 00472cam a2200181ua 4500 | ||
|---|---|---|---|
| 001 | 1141 | ||
| 008 | 110428n ii |||gr||||Z||||||eng | ||
| 040 | _cMAIN | ||
| 082 | _a330.54 | ||
| 245 | 1 |
_aIndian economy : _bIts nature and problems / _cby Alak Ghosh |
|
| 250 | _a24th. | ||
| 260 |
_aCalcutta: _bThe world press ,985. |
||
| 300 |
_axxiv, 871p.: _bill.; _c35cm. |
||
| 653 | _aEconomics | ||
| 653 | _aIndian economy | ||
| 700 |
_aGhosh, Alak., _eAuthor. |
||
| 942 | _cBK | ||
| 999 |
_c1053 _d1053 |
||